Miasta położone nad Wisłą - Statystyki

Ogólne statystyki
  • Ten quiz został rozwiązany 184 razy
  • Średni wynik to 16 z 50
Statystyki odpowiedzi
województwo Miasto % Poprawnych
małopolskie Kraków
96%
mazowieckie Warszawa
94%
pomorskie Gdańsk
87%
kujawsko-pomorskie Toruń
83%
kujawsko-pomorskie Bydgoszcz
73%
mazowieckie Płock
67%
śląskie Wisła
66%
świętokrzyskie Sandomierz
63%
kujawsko-pomorskie Włocławek
55%
kujawsko-pomorskie Grudziądz
47%
pomorskie Tczew
47%
lubelskie Kazimierz Dolny
44%
lubelskie Puławy
40%
podkarpackie Tarnobrzeg
37%
małopolskie Oświęcim
34%
śląskie Ustroń
34%
mazowieckie Nowy Dwór Mazowiecki
29%
mazowieckie Otwock
29%
kujawsko-pomorskie Świecie
29%
kujawsko-pomorskie Chełmno
28%
kujawsko-pomorskie Ciechocinek
26%
lubelskie Dęblin
26%
mazowieckie Józefów
23%
pomorskie Gniew
22%
kujawsko-pomorskie Nowe
22%
kujawsko-pomorskie Solec Kujawski
22%
mazowieckie Góra Kalwaria
21%
mazowieckie Łomianki
19%
lubelskie Annopol
18%
małopolskie Niepołomice
18%
małopolskie Skawina
18%
śląskie Skoczów
18%
świętokrzyskie Zawichost
18%
śląskie Czechowice-Dziedzice
17%
mazowieckie Czerwińsk nad Wisłą
17%
mazowieckie Wyszogród
17%
kujawsko-pomorskie Dobrzyń nad Wisłą
15%
kujawsko-pomorskie Nieszawa
14%
małopolskie Szczucin
14%
podkarpackie Baranów Sandomierski
13%
lubelskie Józefów nad Wisłą
13%
mazowieckie Karczew
13%
świętokrzyskie Połaniec
13%
śląskie Strumień
12%
mazowieckie Zakroczym
12%
śląskie Bieruń
10%
małopolskie Nowe Brzesko
10%
świętokrzyskie Opatowiec
10%
małopolskie Brzeszcze
9%
świętokrzyskie Nowy Korczyn
8%
Nie znaleziono quizów pasujących do podanych kryteriów
Rozkład punktacji
Procent ludzi z każdym wynikiem
Percentyl według liczby udzielonych odpowiedzi
Twoja historia wyników
Nie rozwiązałeś tego quizu